Ancient and medieval Indian thought: (Record no. 193082)

MARC details
000 -LEADER
fixed length control field 00751nam a22002057a 4500
005 - DATE AND TIME OF LATEST TRANSACTION
control field 20221014160714.0
010 ## - LCCN (DPL NO)
LC control number B-745967
020 ## - INTERNATIONAL STANDARD BOOK NUMBER
International Standard Book Number 9789353882310
Terms of availability 525.00
035 ## - SYSTEM CONTROL NUMBER
System control number B-745967
037 ## - SOURCE OF ACQUISITION
Source of stock number/acquisition Sage Publications
082 ## - DEWEY DECIMAL CLASSIFICATION NUMBER
Classification number 320.0954
245 ## - TITLE STATEMENT
Title Ancient and medieval Indian thought:
Remainder of title themes and traditions /
Statement of responsibility, etc edited by Ankit Tomar [and] Suratha Kumar Malik
260 ## - PUBLICATION, DISTRIBUTION, ETC. (IMPRINT)
Place of publication, distribution, etc New Delhi
Name of publisher, distributor, etc Sage Publications
Date of publication, distribution, etc 2020
270 ## - ADDRESS
Address B1/I-1, Mohan Cooperative Industrial Area, Mathura Road
City New Delhi
Postal code 110044
300 ## - PHYSICAL DESCRIPTION
Extent xliii, 264p.
Dimensions 24cm(pbk)
700 ## - ADDED ENTRY--PERSONAL NAME
Personal name Tomar, Ankit
700 ## - ADDED ENTRY--PERSONAL NAME
Personal name Malik, Suratha Kumar
942 ## - ADDED ENTRY ELEMENTS (KOHA)
Source of classification or shelving scheme Dewey Decimal Classification
Item type English Books
Call number suffix TOM
Classification part 320.0954
Holdings
Withdrawn status Lost status Not for loan Collection code Home library Current library Date acquired Source of acquisition Cost, normal purchase price Full call number Barcode Copy number Cost, replacement price Koha item type Public note
      Non-fiction Central Library Central Library 14/10/2022 6.10.22/Gift 525.00 320.0954 TOM B-745967 1 525.00 English Books Gift

© Delhi Public Library
Hit Counter
free hit counter